True or False: 15 Categories Quiz Stats

 Plays Quiz Updated Jun 17, 2015

Also try: Grab Bag
Challenge
Share
Tweet
Embed
Score 0/15 Timer 05:00
0 Plays Today
Statement 'T' or 'F' % Correct
Literature
Charles Dickens wrote 'Treasure Island'.
???
88.4%
Holiday
Thanksgiving is on the same day in Canada as it is in the U.S.
???
78%
Religion
Ares is the Greek god of war.
???
76.4%
Entertainment
Green Lantern is published by DC Comics.
???
73.6%
Sports
The Atlanta Falcons have won the Super Bowl twice.
???
72.9%
Geography
Lake Superior is larger (by area) than Lake Victoria.
???
70.9%
Just For Fun
The capital of Peru is an anagram of another country.
???
68.3%
Movies
There were only four Marx brothers.
???
65.3%
Statement 'T' or 'F' % Correct
History
Harry S. Truman was the 33rd U.S. President.
???
65%
Miscellaneous
The mango is the national fruit of India.
???
58.8%
Language
In Spanish, 'cangrejo' means 'camel'.
???
57.7%
Science
71 is a Mersenne prime.
???
54.4%
Music
'Blue Jay Way' is on the Magical Mystery Tour album.
???
49.6%
Gaming
There are 24 properties in the U.S. version of Monopoly.
???
41%
Television
In 'Friends', every episode title begins with 'The One With...'
???
35.2%

You're not logged in!

Compare scores with friends on all Sporcle quizzes.
OR
Log In

You Might Also Like...

Show Comments

Extras

Top Quizzes Today


Score Distribution

Your Account Isn't Verified!

In order to create a playlist on Sporcle, you need to verify the email address you used during registration. Go to your Sporcle Settings to finish the process.

Report this User

Report this user for behavior that violates our Community Guidelines.

Details: